Países que Consumen la Mayor Cantidad de Pescado - Estadísticas

Estadísticas generales
  • Esta prueba ha sido intentada 3.735 veces
    2.860 desde el último reinicio
  • La puntuación promedio es 8 de 19
Estadísticas de respuestas
Gramos/día País % Correcto
17.5 Japón
96%
12.7 España
78%
14.6 Noruega
70%
15.8 Corea del Sur
64%
26.9 Islandia
57%
13.6 Portugal
57%
17.6 Malasia
38%
14.5 Tuvalu
36%
16.7 Nauru
34%
12.8 Samoa
34%
14.4 Micronesia
32%
23.1 Kiribati
31%
16.5 Palaos
30%
12.3 Singapur
30%
60.9 Maldivas
26%
17.5 Seychelles
24%
13.1 Camboya
23%
16.9 Myanmar
18%
14.2 Antigua y Barbuda
16%
No se encontraron pruebas coincidentes
Distribución de puntuación
Porcentaje de gente con cada puntuación
Porcentaje por número respondido
Historial de tus puntuaciones
No has intentado esta prueba desde el último reinicio